Garis panduan bagi melaksanakan MS ISO 9000 dalam perkhidmatan awam

Bibliographic Details
Corporate Author: MALAYSIA
Format: Book
Published: Kuala Lumpur : Jabatan Perdana Menteri , 1996
Series:Pekeliling Kemajuan Pentadbiran Awam bilangan 2 tahun 1996
Subjects:

MARC

LEADER 00000cam a2200000 7i4500
001 0000000722
005 20000928.0
090 0 0 |a MR352.6309595   |b MAL 1996 
110 1 0 |a MALAYSIA 
245 1 0 |a Garis panduan bagi melaksanakan MS ISO 9000 dalam perkhidmatan awam 
260 0 0 |a Kuala Lumpur :   |b Jabatan Perdana Menteri ,   |c 1996 
300 |a Various pagings ;   |c 25 cm. 
440 0 0 |a Pekeliling Kemajuan Pentadbiran Awam bilangan 2 tahun 1996 
650 0 0 |a Civil service   |z Malaysia 
650 0 0 |a ISO 9000 series standards 
650 0 0 |a Quality assurance   |z Malaysia 
999 |a 0000000719   |b Monograph   |c Reference   |e Default branch